000 00699 a2200205 4500
001 54538
005 20260407155818.0
008 260407a1954 arg spa d
003 AR-UNSa-BCEJYS
040 _aAR-UNSa-BCEJYS
_bspa
_cAR-UNSa-BCEJYS
080 _a330
_xEconomía en general
245 1 0 _aEscritos económicos
264 1 _aBuenos Aires :
_bRaigal
_c1954
300 _a336 p.
_c20 cm.
505 _aI: Autobiografía - II: Medios generales de fomentar la agricultura,animar la industria y proteger el comercio en un país agricultor - III: Correo de comercio de Buenos Aires
041 _aspa
942 _cBK
590 _aniveau_biblio:m niveau_hierar:0
100 1 _aBelgrano, Manuel
999 _c5618
_d5618